A comparative genre-based corpus analysis of the discourse of arabic and english weight-loss narratives on facebook (Record no. 163823)

MARC details
000 -LEADER
fixed length control field 05623nam a2200409Ia 4500
003 - CONTROL NUMBER IDENTIFIER
control field OSt
005 - أخر تعامل مع التسجيلة
control field 20260628110049.0
008 - FIXED-LENGTH DATA ELEMENTS--GENERAL INFORMATION
fixed length control field 2310s2022 ua a frm 000 engnd d
040 ## - CATALOGING SOURCE
Original cataloguing agency EG-EULC
Language of cataloging eng
Transcribing agency EG-EULC
Modifying agency EG-EULC
Description conventions rda
041 0# - LANGUAGE CODE
Language code of text/sound track or separate title eng
Language code of summary or abstract eng
-- ara
049 ## - Acquisition Source
Acquisition Source Deposit
082 ## - DEWEY DECIMAL CLASSIFICATION NUMBER
Classification number 420
092 ## - LOCALLY ASSIGNED DEWEY CALL NUMBER (OCLC)
Classification number 420
Edition number 21
097 ## - Degree
Degree Ph.D
099 ## - LOCAL FREE-TEXT CALL NUMBER (OCLC)
Local Call Number Cai01.02.12.Ph.D.2022.He.C
100 ## - MAIN ENTRY--PERSONAL NAME
Authority record control number or standard number Hebat Allah Abdelaal Ibrahim Mohamed,
Preparation preparation.
245 #2 - TITLE STATEMENT
Title A comparative genre-based corpus analysis of the discourse of arabic and english weight-loss narratives on facebook
Statement of responsibility, etc. Hebat Allah Abdelaal Ibrahim Mohamed ; Supervised Prof.Dr.Amira Agameya
246 ## - VARYING FORM OF TITLE
Title proper/short title الخطاب الإلكتروني حول تجارب إنقاص الوزن على موقع الفيسبوك:
Remainder of title دراسة مقارنة نوعية بين العربية والإنجليزية باستخدام المتون اللغوية الإلكترونية
264 #0 - PRODUCTION, PUBLICATION, DISTRIBUTION, MANUFACTURE, AND COPYRIGHT NOTICE
Date of production, publication, distribution, manufacture, or copyright notice 2022.
300 ## - PHYSICAL DESCRIPTION
Extent 201 p. :
Other physical details illustrations ;
Dimensions 25cm+
Accompanying material CD
336 ## - CONTENT TYPE
Source rda content
Content type term text
337 ## - MEDIA TYPE
Source rdamedia
Media type term Unmediated
338 ## - CARRIER TYPE
Source rdacarrier
Carrier type term volume
502 ## - DISSERTATION NOTE
Dissertation note Thesis (M.Sc.)-Cairo University - Faculty of Arts- Department of English Language and Literature
504 ## - BIBLIOGRAPHY, ETC. NOTE
Bibliography, etc. note Bibliography: p. 185-195.
520 #3 - SUMMARY, ETC.
Summary, etc. The rise of social media has provided new affordances as well as significance to personal narratives. Weight-loss narratives are no exception. A number of Facebook online communities have been created to bring together members interested in losing weight and adopting a healthy lifestyle. These groups provided a space for the emergence of weight-loss narratives in which narrators share with fellow community members their experience with leading a healthy lifestyle and losing excess weight. The global nature of both obesity disease and social media platforms allowed for the emergence of such narratives in different languages and across a variety of communities. The present study aims at analyzing and comparing the discourse of online weight-loss narratives written in English and Arabic via corpus analysis tools and genre discourse analysis. To that end, a corpus of 200 weight-loss narratives, 100 in English and 100 Arabic were collected and analyzed. The results revealed a tendency among narrators in both corpora to internalize fat-shaming discourses from surrounding community members. The results also highlighted interesting linguistic findings pertaining to the use of English vocabulary in the Arabic narratives and language creativity in the English ones. The findings of the genre analysis show similarities in the overall move structure of both narrative corpora in that they follow a linear sequence in representing the phases of the weight-loss experience as narrators write about their journeys before, during, and after weight-loss
520 #3 - SUMMARY, ETC.
Summary, etc. تمكن انتشار وسائل التواصل الإجتماعي في تقديم فرص جديدة لمشاركة التجارب الشخصية للمستخدمين بما في ذلك روايات المرض حيث أُنشأت مؤخراً مجموعات وصفحات على موقع التواصل الإجتماعي ” فيسبوك” تهدف إلى خلق تواصل بين الأفراد المهتمين بإنقاص الوزن وإتباع نمط حياة صحي. تمكنت تلك المجموعات و الصفحات في خلق مساحة يستطيع من خلالها الأعضاء مشاركة رواياتهم عن إنقاص الوزن وإتباع نمط حياة صحي بلغات مختلفة وفي مجتمعات عديدة مما يعطي هؤلاء الأعضاء الشعور بالإنجاز و يضفي أهمية لتجربتهم في إنقاص الوزن حيث يُعد خطاب السمنة و إنقاص الوزن بلغات مختلفة وفي ثقافات متعددة على الإنترنت مجالاُ خصباً للبحث والدراسة اللغوية لذلك تهدف الدراسة الحالية إلى تحليل خطاب إنقاص الوزن على الإنترنت بإستخدام التحليل النوعي والمتون اللغوية الإلكترونية كما تهدف الدراسة إلى مقارنة البنية النوعية لروايات إنقاص الوزن باللغتين العربية والإنجليزية حيث تم جمع مائتي منشور من موقع فيسبوك مائة منها مكتوب باللغة العربية والمائة الأخرى باللغة الإنجليزية وقد أشارت النتائج إلى قيام الرواة بذكر التعليقات السلبية حول زيادة الوزن والتي تلقوها من المجتمع المحيط بهم كما أظهرت نتائج الدراسة إستخدام مميز لمفردات اللغة الإنجليزية في الروايات المكتوبة باللغة العربية كما أظهرت نتائج البحث إلى تشابه البنية النوعية لروايات إنقاص الوزن في كلتا اللغتين حيث تتضمن الروايات تفاصيل رحلة خسارة الوزن قبل وأثناء وبعد تلك التجربة
530 ## - ADDITIONAL PHYSICAL FORM AVAILABLE NOTE
Issues CD Issues also as CD.
546 ## - LANGUAGE NOTE
Text Language Text in English and abstract in Arabic & English.
650 ## - SUBJECT ADDED ENTRY--TOPICAL TERM
Topical term or geographic name entry element English Language
653 ## - INDEX TERM--UNCONTROLLED
Uncontrolled term weight-loss narratives
700 ## - ADDED ENTRY--PERSONAL NAME
Personal name Amira Agameya
Relator term thesis advisor.
900 ## - Thesis Information
Grant date 01-01-2022
Supervisory body Amira Agameya
Universities Cairo University
Faculties Faculty of Arts
Department Department of English Language and Literature
905 ## - Cataloger and Reviser Names
Cataloger Name Shimaa
942 ## - ADDED ENTRY ELEMENTS (KOHA)
Koha item type Thesis
Source of classification or shelving scheme Dewey Decimal Classification
Holdings
Source of classification or shelving scheme Home library Current library Date acquired Inventory number Full call number Barcode Date last seen Effective from Koha item type
Dewey Decimal Classification المكتبة المركزبة الجديدة - جامعة القاهرة قاعة الرسائل الجامعية - الدور الاول 11.02.2024 85900 Cai01.02.12.Ph.D.2022.He.C 01010110085900000 30.10.2023 30.10.2023 Thesis
Cairo University Libraries Portal Implemented & Customized by: Eng. M. Mohamady Contacts: new-lib@cl.cu.edu.eg | cnul@cl.cu.edu.eg
CUCL logo CNUL logo
© All rights reserved — Cairo University Libraries
CUCL logo
Implemented & Customized by: Eng. M. Mohamady Contact: new-lib@cl.cu.edu.eg © All rights reserved — New Central Library
CNUL logo
Implemented & Customized by: Eng. M. Mohamady Contact: cnul@cl.cu.edu.eg © All rights reserved — Cairo National University Library